[Event "Autumn Cup"]
[Site "Box Hill"]
[Date "2002.03.22"]
[Round "7.26"]
[White "Simpson, Bruce"]
[Black "Chong, Trevor"]
[Result "1-0"]
[WhiteElo "1421"]
[BlackElo "1220"]
[Annotator "hl"]
[PlyCount "89"]
[EventDate "2002.02.08"]

1. d4 d5 2. Nc3 Nf6 3. Bf4 Bf5 4. h3 e6 5. e3 c5 6. dxc5 Bxc5 7. Bb5+ Nc6 8. a3
Ne4 9. Nge2 O-O 10. O-O Ne7 11. Nxe4 Bxe4 12. Bd3 Bxd3 13. Qxd3 Ng6 14. b4 Bb6
15. Rfd1 Rc8 16. c3 Rc4 17. Rac1 Qf6 18. Bg3 Rfc8 19. Rc2 Re4 20. c4 Rcxc4 21.
Rxc4 Rxc4 22. e4 Rxe4 23. Qc2 Rc4 24. Qa4 Qd8 25. Kh1 Qc8 26. Ng1 Qc6 27. Qb3
Rc3 28. Qb2 Rc2 29. Qb3 Bxf2 30. Bxf2 Rxf2 31. Qe3 Rc2 32. Qxa7 Kf8 33. a4 d4
34. Qb8+ Ke7 35. Qg3 Nf4 36. Nf3 Nxg2 37. Nxd4 Qc3 38. Qg5+ Ke8 39. Nxc2 f6 40.
Qb5+ Kf7 41. Qxb7+ Kg6 42. Qxg2+ Kf7 43. Rd7+ Ke8 44. Rxg7 f5 45. Qa8+ 1-0

[Event "Autumn Cup"]
[Site "Box Hill"]
[Date "2002.03.22"]
[Round "7.27"]
[White "Nincevic, Anton"]
[Black "Fell, Samuel"]
[Result "0-1"]
[WhiteElo "1404"]
[BlackElo "1057"]
[Annotator "hl"]
[PlyCount "68"]
[EventDate "2002.02.08"]

1. e4 Nf6 2. e5 Nd5 3. Bc4 Nb6 4. Bb3 Nc6 5. Nf3 d6 6. exd6 cxd6 7. d4 Bg4 8.
c3 e6 9. O-O d5 10. Bf4 Qf6 11. Bg3 Bxf3 12. gxf3 Be7 13. Re1 O-O 14. Qd3 h5
15. Bc2 g6 16. h4 Nc4 17. b3 Nd6 18. Kg2 Nf5 19. Rh1 Nxg3 20. fxg3 e5 21. dxe5
Nxe5 22. Qe2 Bc5 23. Rf1 Rfe8 24. f4 Ng4 25. Qd3 Ne3+ 26. Kh2 Nxf1+ 27. Qxf1
Re7 28. Bd3 Rae8 29. b4 Bb6 30. Bb5 Rd8 31. Nd2 Qxc3 32. Nf3 Re3 33. Be2 Rde8
34. Re1 Rxf3 0-1

[Event "Autumn Cup"]
[Site "Box Hill"]
[Date "2002.03.22"]
[Round "7.28"]
[White "Wilson, Norm"]
[Black "Lee, Melissa"]
[Result "1-0"]
[WhiteElo "1636"]
[BlackElo "1204"]
[Annotator "hl"]
[PlyCount "91"]
[EventDate "2002.02.08"]

1. d4 d5 2. Nf3 Nf6 3. Bg5 Ne4 4. Bf4 c5 5. c3 Qb6 6. Qc2 Nc6 7. e3 Bf5 8. Qb3
e6 9. Nbd2 Be7 10. Be2 O-O 11. Ne5 Nxe5 12. Nxe4 Bxe4 13. Bxe5 Qxb3 14. axb3 f6
15. Bg3 Bxg2 16. Rg1 Be4 17. Kd2 Rfc8 18. Bg4 Rc6 19. Ra2 Kf7 20. Rga1 a6 21.
dxc5 Bxc5 22. b4 Bd6 23. b5 Rb6 24. bxa6 bxa6 25. Bxd6 Rxd6 26. Be2 Rb6 27. b4
e5 28. Rxa6 Rbxa6 29. Rxa6 Rxa6 30. Bxa6 Ke7 31. Ke2 Kd6 32. Bd3 Bxd3+ 33. Kxd3
Kc6 34. c4 dxc4+ 35. Kxc4 e4 36. Kd4 Kb5 37. Kxe4 Kxb4 38. Kf5 Kc5 39. Ke6 h5
40. Kf7 Kd5 41. Kxg7 f5 42. Kg6 Ke4 43. Kxh5 Kf3 44. Kg5 Kxf2 45. Kxf5 Kxe3 46.
h4 1-0

[Event "Autumn Cup"]
[Site "Box Hill"]
[Date "2002.03.22"]
[Round "7.30"]
[White "Lauder, Natasha"]
[Black "Elbrish, Sam"]
[Result "1-0"]
[WhiteElo "830"]
[BlackElo "1398"]
[Annotator "hl"]
[PlyCount "61"]
[EventDate "2002.02.08"]

1. e4 e5 2. Nf3 d6 3. Nc3 Nf6 4. Bc4 h6 5. d3 Bg4 6. Be3 a6 7. a4 Nc6 8. O-O
Nd4 9. Bxd4 exd4 10. Ne2 Bxf3 11. gxf3 c5 12. Kh1 Nh7 13. Rg1 Ng5 14. Nf4 Qf6
15. Nd5 Qd8 16. Qe2 Rb8 17. e5 Ne6 18. Rae1 dxe5 19. Qxe5 Qd6 20. f4 Kd8 21.
Qe4 Kd7 22. Qf5 Rd8 23. Qxf7+ Kc8 24. Qxe6+ Qxe6 25. Rxe6 Kb8 26. Ne7 Bxe7 27.
Rxe7 g5 28. fxg5 hxg5 29. Rxg5 Rhe8 30. Rxe8 Rxe8 31. Rg8 1-0

[Event "Autumn Cup"]
[Site "Box Hill"]
[Date "2002.03.22"]
[Round "7.32"]
[White "Hopf, Lorna"]
[Black "Ziffer, Rocheleh"]
[Result "0-1"]
[WhiteElo "1205"]
[BlackElo "1097"]
[Annotator "sf"]
[PlyCount "90"]
[EventDate "2002.02.08"]

1. e4 c5 2. Nf3 e6 3. d4 cxd4 4. Nxd4 a6 5. Be2 Qc7 6. Nc3 b5 7. O-O Bb7 8. a3
Nc6 9. Be3 Be7 10. Rc1 Nf6 11. f4 Nxd4 12. Qxd4 O-O 13. e5 Nd5 14. Nxd5 Bxd5
15. Bf3 Bxf3 16. Rxf3 Rac8 17. Qd3 Rfd8 18. c3 Qc4 19. Qxc4 Rxc4 20. Rff1 d6
21. Rfd1 Rc6 22. Kf2 f6 23. exd6 Rcxd6 24. Rxd6 Rxd6 25. b3 Rc6 26. b4 Kf7 27.
Bd4 Bd6 28. g3 e5 29. fxe5 Bxe5 30. Bxe5 fxe5 31. Ke3 Ke7 32. Ke4 Ke6 33. Rc2
Rc4+ 34. Kf3 g5 35. g4 e4+ 36. Ke3 Ke5 37. Rc1 Rc6 38. Rc2 Rf6 39. Re2 Rf3+ 40.
Kd2 Kf4 41. Kc2 e3 42. Kd3 Kxg4 43. Rg2+ Kf4 44. h4 Rf2 45. Rxg5 Rd2# 0-1

[Event "Autumn Cup"]
[Site "Box Hill"]
[Date "2002.03.22"]
[Round "7.33"]
[White "Fielder, Shaun"]
[Black "Van Dijk, Devrim"]
[Result "0-1"]
[WhiteElo "1141"]
[BlackElo "1109"]
[Annotator "sf"]
[PlyCount "126"]
[EventDate "2002.02.08"]

1. e4 e5 2. Nf3 Nc6 3. Bb5 a6 4. Bxc6 dxc6 5. d4 exd4 6. Qxd4 Qxd4 7. Nxd4 Nf6
8. Nc3 Bb4 9. O-O O-O 10. e5 Nd5 11. Nxd5 cxd5 12. c3 Be7 13. f4 c5 14. Nf3 Bf5
15. Be3 b6 16. Rad1 Rad8 17. Rd2 f6 18. Rfd1 Be4 19. Kf2 h6 20. Ke2 a5 21. a4
g6 22. b3 Kg7 23. g3 Rd7 24. Rb2 Bxf3+ 25. Kxf3 fxe5 26. Rbd2 exf4 27. gxf4 Rf5
28. Rg2 Kh7 29. Rdg1 Rd6 30. Rg4 Rdf6 31. h4 Bd6 32. R1g2 Be5 33. Bd2 d4 34.
cxd4 cxd4 35. Ke4 Bc7 36. Rf2 Rd6 37. Kd3 b5 38. Rg1 bxa4 39. bxa4 Rdf6 40.
Rgf1 g5 41. hxg5 hxg5 42. Rh1+ Kg6 43. Rfh2 Bxf4 44. Rh6+ Kf7 45. Rh7+ Ke6 46.
Re1+ Kd6 47. Bxf4+ Rxf4 48. Re4 Rxe4 49. Kxe4 Rf4+ 50. Kd3 Kc5 51. Rb7 Rf3+ 52.
Ke4 Re3+ 53. Kf5 d3 54. Kxg5 Kc6 55. Rb3 d2 56. Rxe3 d1=Q 57. Re6+ Kd5 58. Rf6
Qg1+ 59. Kf4 Qd4+ 60. Kg5 Qxa4 61. Rf5+ Ke6 62. Rf6+ Ke7 63. Kg6 Qg4+ 0-1

[Event "Autumn Cup"]
[Site "Box Hill"]
[Date "2002.03.22"]
[Round "7.34"]
[White "Loo, Jonathan"]
[Black "Tischman, Fred"]
[Result "1/2-1/2"]
[WhiteElo "1036"]
[BlackElo "1385"]
[Annotator "sf"]
[PlyCount "38"]
[EventDate "2002.02.08"]

1. d4 d5 2. Nf3 Nf6 3. Bf4 Nc6 4. e3 e6 5. Bb5 Bd7 6. Bxc6 Bxc6 7. Ne5 Bd6 8.
Bg5 h6 9. Nxc6 bxc6 10. Bxf6 Qxf6 11. O-O O-O 12. Nd2 Rab8 13. Rb1 Qh4 14. Nf3
Qe7 15. Ne5 Bxe5 16. dxe5 Rb6 17. Qd4 c5 18. Qd2 Rfb8 19. c3 c4 {
Remaining moves inaccurately recorded.} 1/2-1/2

[Event "Autumn Cup"]
[Site "Box Hill"]
[Date "2002.03.22"]
[Round "7.36"]
[White "Devoy, Sean"]
[Black "Papa, Phil"]
[Result "0-1"]
[WhiteElo "749"]
[BlackElo "1249"]
[Annotator "sf"]
[PlyCount "65"]
[EventDate "2002.02.08"]

1. e4 c5 2. Qh5 Nf6 3. Qxc5 Nxe4 4. Qd4 Nf6 5. d3 Nc6 6. Qc3 e6 7. Bd2 Nd5 8.
Qb3 Qf6 9. Nf3 Bc5 10. Be2 Nd4 11. Qc4 b6 12. O-O Nxe2+ 13. Kh1 Bb7 14. Qe4
Qxb2 15. Nc3 Nexc3 16. Qe5 O-O 17. Bh6 gxh6 18. Qg3+ Kh8 19. Qe5+ f6 20. Qh5
Nf4 21. Qxh6 Ng6 22. Nd2 Qxc2 23. Nb3 Qe2 24. d4 Qg4 25. f3 Qg5 26. Qh3 Nf4 27.
Qg3 Qxg3 28. hxg3 Nh5 29. dxc5 Nxg3+ 30. Kg1 Nxf1 31. Kxf1 e5 32. Rc1 Nxa2 33.
Rc2 {Remaining moves inaccurately recorded.} 0-1

[Event "Autumn Cup"]
[Site "Box Hill"]
[Date "2002.03.22"]
[Round "7.37"]
[White "Martin, Richard"]
[Black "Carey, Jamie"]
[Result "0-1"]
[WhiteElo "939"]
[BlackElo "1126"]
[Annotator "sf"]
[PlyCount "40"]
[EventDate "2002.02.08"]

1. e4 c6 2. d4 d5 3. Nc3 dxe4 4. Nxe4 Bf5 5. Nc3 e6 6. Nge2 Bb4 7. g3 Qd5 8.
Rg1 Qf3 9. Bg2 Qh5 10. Kf1 Bxc3 11. bxc3 Nd7 12. Ba3 Ngf6 13. Rb1 Nb6 14. Bc5
Nfd5 15. Bxd5 exd5 16. Nf4 Qxh2 17. Qe2+ Be4 18. Bxb6 axb6 19. Rxb6 Rxa2 20.
Rxb7 Ra1+ 0-1

[Event "Autumn Cup"]
[Site "Box Hill"]
[Date "2002.03.22"]
[Round "7.38"]
[White "Gombik, Louis"]
[Black "Thakur, Udit"]
[Result "1-0"]
[WhiteElo "1360"]
[BlackElo "702"]
[Annotator "sf"]
[PlyCount "78"]
[EventDate "2002.02.08"]

1. e4 e5 2. Bc4 Nf6 3. c3 Bc5 4. d3 Nc6 5. h3 d6 6. Nf3 O-O 7. Nbd2 Qe7 8. O-O
Nh5 9. Nb3 Qf6 10. Bg5 Qg6 11. Nxc5 dxc5 12. Kh2 h6 13. Be3 Nf6 14. Bxc5 Re8
15. Be3 Qh5 16. Ng1 Qxd1 17. Raxd1 Bd7 18. b4 Be6 19. Bxe6 Rxe6 20. a4 a6 21.
f4 Rd8 22. fxe5 Nxe5 23. Bd4 Nfd7 24. Nf3 Nxf3+ 25. Rxf3 Ne5 26. Rg3 b6 27. Rf1
f6 28. a5 b5 29. Bxe5 Rxe5 30. Rxf6 Rxd3 31. Rxa6 Rd7 32. Rag6 Ree7 33. Rxh6
Rxe4 34. Rhg6 Ree7 35. h4 Rd6 36. R6g5 c6 37. Rc5 Ree6 38. Rf3 Rh6 39. g3 Rhe6
{Remaining moves inaccurately recorded.} 1-0

[Event "Autumn Cup"]
[Site "Box Hill"]
[Date "2002.03.22"]
[Round "7.43"]
[White "O'Connor, Andrew"]
[Black "Fell, Nathan"]
[Result "0-1"]
[WhiteElo "667"]
[BlackElo "873"]
[Annotator "sf"]
[PlyCount "58"]
[EventDate "2002.02.08"]

1. e4 g6 2. Bc4 Bg7 3. Nf3 c6 4. a3 e6 5. d3 d5 6. Bb3 dxe4 7. dxe4 Qxd1+ 8.
Kxd1 Ne7 9. Ke2 O-O 10. Re1 Rd8 11. Kf1 c5 12. Bg5 Re8 13. Nc3 b6 14. Ba4 Bd7
15. Bxd7 Nxd7 16. Rad1 Rad8 17. e5 h6 18. Bf4 g5 19. Bg3 f6 20. exf6 Nxf6 21.
Rxe6 Rxd1+ 22. Nxd1 Nh5 23. Be5 Bxe5 24. Nxe5 Nf4 25. Rxh6 Nf5 26. Ng4 Rd8 27.
Nde3 Nxh6 28. Nxh6+ Kh7 29. Nef5 Rd1# 0-1

[Event "Autumn Cup"]
[Site "Box Hill"]
[Date "2002.03.22"]
[Round "7.44"]
[White "Shan, Indran"]
[Black "Wong, Stephanie"]
[Result "1/2-1/2"]
[WhiteElo "864"]
[BlackElo "728"]
[Annotator "sf"]
[PlyCount "75"]
[EventDate "2002.02.08"]

1. d4 d5 2. Nc3 Nf6 3. e4 e6 4. Bg5 Be7 5. e5 Ne4 6. Bxe7 Qxe7 7. Nxe4 dxe4 8.
Qe2 Nc6 9. Qxe4 Bd7 10. O-O-O h6 11. Nf3 a5 12. Bc4 Rd8 13. Rd2 a4 14. a3 Na5
15. Ba2 Bc6 16. d5 exd5 17. Bxd5 Bxd5 18. Rxd5 Rxd5 19. Qxd5 Nc6 20. Re1 O-O
21. g3 Rd8 22. Qc4 Na5 23. Qb5 b6 24. Qxa4 Kh8 25. Nd4 f6 26. b4 Rxd4 27. c3
Rd5 28. bxa5 Rxa5 29. Qb4 Qxb4 30. axb4 Ra1+ 31. Kd2 Rxe1 32. Kxe1 fxe5 33. Ke2
Kg8 34. Ke3 Kf7 35. Ke4 Ke6 36. f4 exf4 37. Kxf4 g5+ 38. Ke4 1/2-1/2

[Event "Autumn Cup"]
[Site "Box Hill"]
[Date "2002.03.22"]
[Round "7.46"]
[White "Mah, Zunyou"]
[Black "Van Dijk, Marieke"]
[Result "1-0"]
[WhiteElo "938"]
[BlackElo "835"]
[Annotator "sf"]
[PlyCount "53"]
[EventDate "2002.02.08"]

1. d4 d5 2. c4 c6 3. Nc3 Nf6 4. Bg5 e6 5. e3 Be7 6. Bd3 g6 7. Nf3 Nfd7 8. Bh6
Bf8 9. Bf4 Bg7 10. c5 b6 11. Bd6 Nf6 12. Ne5 Bf8 13. Bxf8 Rxf8 14. O-O Nfd7 15.
f4 bxc5 16. dxc5 Nxc5 17. Bc2 Nbd7 18. Nxc6 Qc7 19. Ba4 Nxa4 20. Qxa4 Rh8 21.
Rac1 Nb6 22. Nb5 Qd7 23. Qa3 Nc4 24. Rxc4 dxc4 25. Nd6+ Kf8 26. Nf5+ Ke8 27.
Ng7# 1-0

[Event "Autumn Cup"]
[Site "Box Hill"]
[Date "2002.03.22"]
[Round "7.49"]
[White "Bourmistrov, Anna"]
[Black "Gray, Alan"]
[Result "1-0"]
[WhiteElo "881"]
[BlackElo "675"]
[Annotator "sf"]
[PlyCount "106"]
[EventDate "2002.02.08"]

1. e4 e5 2. Nf3 Nc6 3. d4 d5 4. dxe5 Be6 5. exd5 Bxd5 6. c4 Be6 7. Bf4 Bc5 8.
Bd3 Nge7 9. Nc3 Nf5 10. Ne4 Nb4 11. Nxc5 Nxd3+ 12. Nxd3 Bxc4 13. Qa4+ b5 14.
Qd1 Qxd3 15. Qxd3 Bxd3 16. O-O-O Bc4 17. b3 Be6 18. Nd4 Nxd4 19. Rxd4 c5 20.
Rd6 O-O 21. Rhd1 Rac8 22. Be3 Rfe8 23. a4 Bxb3 24. R1d3 Bxa4 25. Rc3 Rxe5 26.
Bf4 Rf5 27. g3 b4 28. Rcd3 g5 29. Be3 Kg7 30. h4 f6 31. f4 gxh4 32. gxh4 h5 33.
Bf2 Rxf4 34. Rg3+ Rg4 35. Rf3 a5 36. Rfxf6 Rc4+ 37. Kd2 Be8 38. Rde6 Bf7 39.
Rd6 b3 40. Be3 Rc2+ 41. Kd3 c4+ 42. Ke4 Re8+ 43. Kf4 a4 44. Rd7 Rf8 45. Kf5 Re2
46. Bh6+ Kg8 47. Kg5 Rg2+ 48. Kf5 b2 49. Bxf8 Kxf8 50. Rdxf7+ Ke8 51. Rf8+ Kd7
52. R8f7+ Ke8 53. Ke6 b1=Q {Time.} 1-0